00598nam a2200169 a 4500008004100000020001500041050001600056100001700072245009200089246007900181260002700260300002100287350000900308650001400317650004000331710005700371090610s2007 ||||||||||||||||| || u a0750683902 aHF 5661 Cha aGraham, Tony10aManagement accounting financial strategy: CIMA exam practice kit. Paper P9cTony Graham aCIMA exam practice kit: management accounting financial strategy. Paper P9 aOxfordbElsevierc2007 axvi, 231p.: ill. a0.00 aTEXTBOOKS 0aACCOUNTING--HANDBOOKS, MANUALS, ETC aChartered Institute of Management Accountants (CIMA)